Cities that end with Burg - Statistics

General Stats
  • This quiz has been taken 165 times
  • The average score is 8 of 15
Answer Stats
Hint City % Correct
Capital city of Scotland. Edinburgh
92%
Its former name was Leningrad. St. Petersburg
88%
It is not a capitaly of South Africa! Johannesburg
75%
Swedish city named after Germanic tribe. Gothenburg
61%
Home town of Mozart. Salzburg
61%
“Capital of Europe“ in France. Strasbourg
58%
Is there a patty in the middle of this city? Hamburg
51%
Site of 1863 Civil War battle. Gettysburg
50%
Part of Benelux. Luxembourg
50%
City in Florida, has it namesake in Russia. St. Petersburg
49%
Largest city in the Ohio Valley. Pittsburgh
42%
Capital city of Pennsylvania. Harrisburg
41%
Named after empress of Russia. Yekaterinburg
34%
Headquarter of VW. Wolfsburg
20%
Famous for its Nazi laws. Nurnberg
14%
No matching quizzes found
Score Distribution
Percent of People with Each Score
Percentile by Number Answered
Your Score History
You have not taken this quiz